000 00409nam a2200145Ia 4500
008 220217s9999||||xx |||||||||||||| ||und||
020 _a9789339204761
082 _a624.1834 MEH
100 _aMehta, Kumar P and Monteiro, Paulo M
_99707
245 0 _aConcrete
250 _a4th
260 _aMcgraw hill book company
_bNew Delhi
_c2016
300 _aXXIII, 675p.
_b999
650 _aCONCRETE TECHNOLOGY
999 _c187231
_d187231